000 nam a22 7a 4500
999 _c8566
_d8566
008 180118b ||||| |||| 00| 0 eng d
100 _94949
_aBHATIA.M.S
245 _aSPCIAL CHILD PROBLEMS
260 _aNEW DELHI
_bNBT
_c2015